000 02166nam2a22003251 4500
001 rc\4074992
005 20250611081644.0
021 _aRU
_b[51-33175]
035 _a(NLR Aleph) 008122173
090 _a9370693
_c9370693
100 _a20130415d1951 |||y0rusy50 ca
101 0 _arus
102 _aRU
105 _aa z |||||
200 1 _aСтатьи по геоморфологии, по вопросам генезиса материковых образований и по прикладной геологии
_fПод общ. ред. проф. О.К. Ланге
_gРед. коллегия: проф. В.А. Варсанофьева [и др.]
210 _aМосква
_cИзд-во Моск. о-ва испытателей природы
_d1951
215 _a184 с.
_cил.
300 _aНа обл.: акад. А.П. Павлов. Статьи по геоморфологии и прикладной геологии
320 _aБиблиогр. в подстроч. примеч.
461 0 _1001rc\4074990
_12001#$aИзбранные сочинения А.П. Павлова$fРед. сов.: проф. В.А. Варсанофьева, проф. Г.П. Горшков [и др.$gМоск. о-во испытателей природы. Кн.] 1-$v[Кн.] 2
_1700#1$aПавлов$bА.П.$f1854-1929$gАлексей Петрович
_99370684
_aПавлов, А.П. (1854-1929)
_cМосква
_d1948
_fРед. сов.: проф. В.А. Варсанофьева, проф. Г.П. Горшков [и др.
_nФ-ка дет. книги Детгиза
_tИзбранные сочинения А.П. Павлова
_v[Кн.] 2
606 _aРельеф (геоморфол.)
_jСборники (кн. 2)
_2psbo
606 _aИнженерная геология
_jСборники (кн. 2)
_2psbo
606 _aГеоморфология
_jСборники (кн. 2)
_2psbo
702 1 _4340
_7ca
_8rus
_aЛанге
_bО. К.
_f1883-1975
_gОктавий Константинович
_9209393
_3RU\NLR\AUTH\770209447
801 0 _aRU
_bNLR
_gpsbo
801 1 _aRU
_bELAR
_2rusmarc
852 _aNLR
_jГн02 Г-7/137
942 _cBOOK
980 _aNB